|
วิทยาลัยพยาบาลบรมราชชนนี ยะลา |
|
แสดงรายละเอียดบรรณานุกรม |
|
|
Brief Record
: Get Marc (ISO 2709)
: E-mail record
: |
| LEADER 00000nam 2200000uu 4500 | |||
| 001 3861 | |||
| 003 ULIBM | |||
| 008 260616s2009||||th 000 0 tha d | |||
| 020 9781605474007 | |||
| 060 04 ^aWB205^bB583b | |||
| 100 1 Bickley,Lynn S. | |||
| 245 00 ^aBates Guide to Physical Examination and History Taking/^cLynn S. Bickley | |||
| 250 ^a10th ed. | |||
| 260 ^aPhiladelphia:^bWolters Kluwer,^c2009. | |||
| 300 ^axxii,964p. :^bill ;^c28cm. | |||
| 650 7 Physical | |||
| 999 ^aฮัซวานี | |||
| คุณยังไม่ได้ล็อกอิน คุณสามารถมีกิจกรรมร่วมกับเว็บไซต์ได้ แต่ต้องล็อกอินก่อน :: |
|
| สถานะ | |||||||||
| 1. | หนังสือภาษาอังกฤษทางการพยาบาล | WB205 B583b 2009 V.1 | ►หนังสือ ตำรา ทางการพยาบาล | On Shelf ขอยืม | |||||
| 2. | หนังสือภาษาอังกฤษทางการพยาบาล | WB205 B583b 2009 V.2 | ►หนังสือ ตำรา ทางการพยาบาล | On Shelf ขอยืม | |||||
| [แสดง 2/2 รายการ] | |||||||||
| รายการใกล้เคียง ผู้แต่ง [Bickley,Lynn S.] หัวเรื่อง [Physical]
|
BibComment |
| คอมเมนท์ทรัพยากรรายการนี้ |
|
|